[Event "EU-chT Seniors 15th"]
[Site "Dresden"]
[Date "2013.07.26"]
[Round "7"]
[White "Strutinskaya, Galina N"]
[Black "Rooze, Jan"]
[Result "0-1"]
[WhiteElo "2300"]
[BlackElo "2386"]
[EventDate "2013.07.20"]
[PlyCount "78"]

1.d4 Nf6 2.Nf3 e6 3.c4 c5 4.e3 a6 5.Be2 d5 6.b3 cxd4 7.exd4 Bb4+ 8.Bd2 
Bxd2+ 9.Qxd2 Ne4 10.Qb2 Nc6 11.O-O Qa5 12.Rd1 O-O 13.Bd3 f5 14.a3 Bd7 15.
b4 Qd8 16.Nc3 Rc8 17.Ne2 Ng5 18.Nxg5 Qxg5 19.f4 Qf6 20.c5 g5 21.fxg5 Qxg5 
22.Qd2 Qg7 23.Bc2 Kh8 24.Nf4 Rg8 25.Ba4 Ne5 26.dxe5 Bxa4 27.Re1 Qh6 28.Qd4
Rg4 29.Rf1 Bc2 30.h3 Rg7 31.Rf2 Be4 32.Raa2 Rcg8 33.a4 Rg3 34.b5 axb5 35.
axb5 Rb3 36.Rab2 Ra3 37.c6 Ra1+ 38.Kh2 Qh4 39.Ne2 Qxh3+ 0-1

[Event "EU-chT Seniors 15th"]
[Site "Dresden"]
[Date "2013.07.26"]
[Round "7"]
[White "Beniest, Rene"]
[Black "Villing, Dieter"]
[Result "1-0"]
[WhiteElo "2138"]
[BlackElo "2120"]
[EventDate "2013.07.20"]
[PlyCount "51"]

1.d4 Nf6 2.c4 c5 3.d5 e6 4.Nc3 exd5 5.cxd5 d6 6.Bf4 a6 7.a4 g6 8.Nf3 Bg7 
9.g3 O-O 10.Bg2 Nh5 11.Bg5 f6 12.Bc1 f5 13.Ng5 Bxc3+ 14.bxc3 Ng7 15.O-O h6
16.Ne6 Nxe6 17.dxe6 Nc6 18.Bxh6 Re8 19.Rb1 Kh7 20.Qd2 Rxe6 21.Bd5 Re8 22.
Bg5 Qc7 23.Qf4 Be6 24.Bf6 g5 25.Qxg5 Qf7 26.Rxb7 1-0

[Event "EU-chT Seniors 15th"]
[Site "Dresden"]
[Date "2013.07.26"]
[Round "7"]
[White "Goy, Udo"]
[Black "Van Herck, Marcel"]
[Result "1-0"]
[WhiteElo "2220"]
[BlackElo "2104"]
[EventDate "2013.07.20"]
[PlyCount "101"]

1.d4 d5 2.c4 dxc4 3.Nf3 Nf6 4.Nc3 Bg4 5.e4 e6 6.e5 Nd5 7.Bxc4 Bb4 8.O-O 
Nb6 9.Bb5+ c6 10.Be2 O-O 11.Ne4 Bxf3 12.Bxf3 Na6 13.Bg5 Be7 14.Bxe7 Qxe7 
15.Qb3 Qb4 16.Qxb4 Nxb4 17.a3 N4d5 18.Rac1 Rfd8 19.Rfd1 Rab8 20.g3 Ne7 21.
Nd6 Nbc8 22.Nxc8 Rbxc8 23.Be4 Rd7 24.Rd3 Rcd8 25.Rcd1 Nd5 26.Kf1 f5 27.
Bxd5 Rxd5 28.Ke2 Kf7 29.f4 h5 30.Ke3 Rb5 31.R1d2 Rh8 32.Rc3 Ke7 33.b4 a5 
34.Rc5 Rxc5 35.bxc5 Kd7 36.h3 Kc7 37.Rb2 g6 38.Kd3 h4 39.Rg2 hxg3 40.Rxg3 
Rh6 41.Kc4 b5+ 42.cxb6+ Kxb6 43.a4 c5 44.dxc5+ Kc6 45.Rd3 Rh4 46.Rd6+ Kc7 
47.Rxe6 Rxf4+ 48.Kd5 Rxa4 49.Rxg6 Rh4 50.Rg7+ Kd8 51.Rg8+ 1-0

[Event "EU-chT Seniors 15th"]
[Site "Dresden"]
[Date "2013.07.26"]
[Round "7"]
[White "Hajenius, Willem"]
[Black "Krebs, Dietmar"]
[Result "1-0"]
[WhiteElo "1923"]
[BlackElo "2080"]
[EventDate "2013.07.20"]
[PlyCount "53"]

1.d4 Nf6 2.c4 c5 3.d5 e6 4.Nc3 exd5 5.cxd5 d6 6.e4 g6 7.f4 Bg7 8.Nf3 O-O 
9.Be2 Re8 10.e5 dxe5 11.fxe5 Ng4 12.e6 fxe6 13.O-O exd5 14.Nxd5 Nc6 15.Bc4
Be6 16.Bg5 Qc8 17.Qa4 Kh8 18.Rae1 Bxd5 19.Bxd5 Rxe1 20.Rxe1 h6 21.Be6 Qf8 
22.Qxg4 hxg5 23.Nxg5 Bh6 24.Rf1 Qe7 25.Nf7+ Kg7 26.Nxh6 Kxh6 27.Rf7 1-0

[Event "EU-chT Seniors 15th"]
[Site "Dresden"]
[Date "2013.07.26"]
[Round "7"]
[White "Weller, Karl"]
[Black "Schrickx, Frank"]
[Result "1/2-1/2"]
[WhiteElo "1967"]
[BlackElo "1901"]
[EventDate "2013.07.20"]
[PlyCount "125"]

1.c4 e5 2.Nc3 Nf6 3.Nf3 Nc6 4.d4 exd4 5.Nxd4 Bc5 6.Nb3 Bb4 7.Bd2 d6 8.a3 
Bxc3 9.Bxc3 Bf5 10.f3 Qe7 11.Qd2 O-O-O 12.O-O-O h6 13.e4 Bg6 14.Be2 Rhg8 
15.Rhe1 Nd7 16.g3 f6 17.Bf1 Bf7 18.Nd4 Nxd4 19.Bxd4 b6 20.Qc3 Kb8 21.b4 
Rge8 22.Bh3 c5 23.Bf2 Ne5 24.Bf1 cxb4 25.Qxb4 Rc8 26.Qxd6+ Qxd6 27.Rxd6 
Bxc4 28.Kb1 Nxf3 29.Re3 Bxf1 30.Rxf3 Bg2 31.Rf4 Bxe4+ 32.Kb2 Bh7 33.Rd2 
Rcd8 34.Bd4 Kb7 35.Rff2 Bg6 36.Bc3 Bd3 37.Rf3 Bb5 38.Rff2 Rxd2+ 39.Rxd2 
Re2 40.Rxe2 Bxe2 41.Bb4 g6 42.Kc3 Kc6 43.Kd4 Kd7 44.Ke3 Bf1 45.h4 h5 46.
Kf4 Be2 47.Bc3 Ke6 48.Bd4 Bd1 49.Bc3 Ba4 50.Bb2 Bc2 51.Bc3 Kd5 52.Bxf6 Kc4
53.Ke3 Kb3 54.Kd2 Bf5 55.Be7 a5 56.Bd8 b5 57.Bxa5 Kxa3 58.Kc3 Ka2 59.Bb4 
Kb1 60.Bd6 Kc1 61.Kb4 Bd7 62.Bf4+ Kc2 63.Bd6 1/2-1/2

[Event "EU-chT Seniors 15th"]
[Site "Dresden"]
[Date "2013.07.26"]
[Round "7"]
[White "Mewes, Hans Dieter"]
[Black "Fossum, Widar"]
[Result "1/2-1/2"]
[WhiteElo "1899"]
[BlackElo "1994"]
[EventDate "2013.07.20"]
[PlyCount "51"]

1.c4 e6 2.g3 Nf6 3.Bg2 c6 4.d4 d5 5.cxd5 cxd5 6.Nc3 Be7 7.Nf3 O-O 8.O-O b6
9.Re1 Bb7 10.Ne5 Nbd7 11.Nxd7 Qxd7 12.Bg5 h6 13.Bd2 Rac8 14.e3 Ba6 15.Bf1 
Bxf1 16.Rxf1 b5 17.f3 Rc7 18.Rc1 Rfc8 19.Qb3 a6 20.Ne2 Rxc1 21.Rxc1 Rxc1+ 
22.Nxc1 Qc7 23.Qc3 Qxc3 24.Bxc3 Nd7 25.Nd3 Kf8 26.Kf2 1/2-1/2

[Event "EU-chT Seniors 15th"]
[Site "Dresden"]
[Date "2013.07.26"]
[Round "7"]
[White "Mundal, Arnold"]
[Black "Buck, Klaus Michael"]
[Result "1-0"]
[WhiteElo "1937"]
[BlackElo "1730"]
[EventDate "2013.07.20"]
[PlyCount "62"]

1.Nf3 g6 2.d4 Bg7 3.c4 b6 4.Nc3 Nf6 5.e4 d6 6.Bd3 c5 7.d5 Bg4 8.h3 Bxf3 9.
gxf3 Nbd7 10.f4 a6 11.Qe2 Qc7 12.Bd2 e5 13.fxe5 Nxe5 14.Bc2 O-O 15.O-O-O 
Ned7 16.Rde1 Ne8 17.h4 Nef6 18.Bg5 h6 19.Bd2 Rfe8 20.f4 Kh7 21.Qf3 h5 22.
e5 dxe5 23.f5 e4 24.fxg6+ fxg6 25.Nxe4 Ng4 26.Qf7 Nge5 27.Nf6+ Kh8 28.Rxe5
Rxe5 29.Nxd7 Rf8 30.Qxg6 Ref5 31.Nxf8 Bxf8 1-0

[Event "EU-chT Seniors 15th"]
[Site "Dresden"]
[Date "2013.07.26"]
[Round "7"]
[White "Nordby, Berndt"]
[Black "Johannsen, Ingbert"]
[Result "1-0"]
[WhiteElo "2097"]
[BlackElo "1933"]
[EventDate "2013.07.20"]
[PlyCount "53"]

1.d4 b6 2.Nf3 Bb7 3.e3 e6 4.Bd3 Nf6 5.O-O d5 6.c4 Be7 7.Nc3 Nbd7 8.b3 O-O 
9.Bb2 Re8 10.Qe2 Nf8 11.Rfd1 c6 12.Rac1 N6d7 13.cxd5 exd5 14.Ba6 Qc8 15.
Bd3 Qd8 16.Qc2 Bf6 17.e4 dxe4 18.Nxe4 Be7 19.Ne5 Rc8 20.Bc4 Ne6 21.Nxf7 
Kxf7 22.Bxe6+ Kxe6 23.Qc4+ Kf5 24.Qf7+ Bf6 25.Ng3+ Kf4 26.Rc3 c5 27.Bc1+ 
1-0

[Event "EU-chT Seniors 15th"]
[Site "Dresden"]
[Date "2013.07.26"]
[Round "7"]
[White "Schneider, Miloca"]
[Black "Dahl, Ivar"]
[Result "1/2-1/2"]
[WhiteElo "1957"]
[BlackElo "2209"]
[EventDate "2013.07.20"]
[PlyCount "50"]

1.d4 e6 2.c4 Nf6 3.Bg5 h6 4.Bxf6 Qxf6 5.e3 Bb4+ 6.Nc3 c5 7.Nf3 O-O 8.Be2 
Nc6 9.Rc1 d6 10.O-O cxd4 11.exd4 Ne7 12.Ne4 Qf4 13.Ng3 Ba5 14.Bd3 Bc7 15.
Re1 d5 16.c5 Nc6 17.Nf1 e5 18.Nxe5 Nxe5 19.dxe5 Bxe5 20.Bb1 d4 21.Qc2 g6 
22.Ng3 Bd7 23.Re4 Qf6 24.Rce1 Bxg3 25.fxg3 Bf5 1/2-1/2

[Event "EU-chT Seniors 15th"]
[Site "Dresden"]
[Date "2013.07.26"]
[Round "7"]
[White "Grottke, Hans Joachim"]
[Black "Ashby, Anthony"]
[Result "1/2-1/2"]
[WhiteElo "2220"]
[BlackElo "2116"]
[EventDate "2013.07.20"]
[PlyCount "119"]

1.e4 e6 2.d4 d5 3.Nc3 h6 4.Nf3 Nf6 5.Bd3 Bb4 6.e5 Ne4 7.Bd2 Nxd2 8.Qxd2 c5
9.a3 Qa5 10.O-O Bxc3 11.Qxc3 Qxc3 12.bxc3 c4 13.Be2 Bd7 14.Ne1 Nc6 15.f4 
Ne7 16.g3 O-O-O 17.Ng2 Ba4 18.Ra2 g6 19.Bg4 Kc7 20.Ne3 Nf5 21.Bxf5 gxf5 
22.Kf2 Rdg8 23.Rg1 Rg7 24.Rg2 Rhg8 25.Ra1 h5 26.Rag1 Kb6 27.Ke2 Ka5 28.Kd2
Bc6 29.Kc1 Bd7 30.h3 Kb6 31.Nf1 Kc7 32.Nh2 Kd8 33.Nf3 Ke7 34.Ng5 Rh8 35.
Kd2 Ba4 36.Ke3 b6 37.Kf3 Rh6 38.Rh1 Rg8 39.Rgh2 Rgh8 40.Rb1 Rb8 41.Rg2 
Rbh8 42.Rbg1 Kf8 43.Ke3 Ke7 44.Kd2 Bd7 45.Nf3 Ba4 46.Nh2 R6h7 47.Nf1 Rh6 
48.Ne3 R6h7 49.g4 hxg4 50.hxg4 fxg4 51.f5 Rh2 52.f6+ Kf8 53.Nxg4 Rxg2+ 54.
Rxg2 Rg8 55.Ne3 Rxg2+ 56.Nxg2 Kg8 57.Ne3 Kh7 58.Ke2 Kg6 59.Kf3 Kg5 60.Kg3 
1/2-1/2

[Event "EU-chT Seniors 15th"]
[Site "Dresden"]
[Date "2013.07.26"]
[Round "7"]
[White "MacDonald Ross, Michael"]
[Black "Walter, Guenter"]
[Result "1/2-1/2"]
[WhiteElo "2136"]
[BlackElo "2233"]
[EventDate "2013.07.20"]
[PlyCount "57"]

1.d4 Nf6 2.c4 d6 3.Nc3 Nbd7 4.e4 e5 5.Nf3 Be7 6.Be2 O-O 7.O-O c6 8.Re1 Qc7
9.Rb1 a6 10.d5 cxd5 11.cxd5 b5 12.a3 Nb6 13.Nd2 Bd7 14.Bd3 Rfc8 15.Qe2 h6 
16.Nd1 Nc4 17.b3 Nb6 18.Bb2 Qa7 19.Kh1 Rc7 20.Ne3 Rac8 21.Rec1 Rxc1+ 22.
Rxc1 Rxc1+ 23.Bxc1 Qc7 24.Bb2 Bd8 25.Ndf1 Nc8 26.g3 Ne7 27.Ng2 Ng6 28.Nfe3
Qc8 29.f3 1/2-1/2

[Event "EU-chT Seniors 15th"]
[Site "Dresden"]
[Date "2013.07.26"]
[Round "7"]
[White "Myall, Ivan J"]
[Black "Urban, Hans Rainer"]
[Result "0-1"]
[WhiteElo "2087"]
[BlackElo "2133"]
[EventDate "2013.07.20"]
[PlyCount "120"]

1.e4 Nc6 2.Nf3 e5 3.Bc4 Nf6 4.d3 Bc5 5.c3 d6 6.Nbd2 a6 7.b4 Ba7 8.Bb3 O-O 
9.O-O Qe7 10.Qe2 Nh5 11.Nc4 b5 12.Bg5 Qd7 13.Ne3 h6 14.Ne1 Bxe3 15.fxe3 
Qg4 16.Qxg4 Bxg4 17.Bh4 g5 18.Bd5 Bd7 19.g4 Ng7 20.Bg3 Rab8 21.Bxc6 Bxc6 
22.Nf3 f6 23.h3 h5 24.gxh5 Nxh5 25.Kg2 Kg7 26.Rg1 Kf7 27.Raf1 Ke7 28.Be1 
Ra8 29.Rf2 Rh8 30.Rc2 Ng7 31.h4 g4 32.Nd2 f5 33.c4 Bd7 34.c5 f4 35.exf4 
exf4 36.Bf2 Ne6 37.c6 Bc8 38.Rh1 Rh5 39.d4 Nf8 40.d5 Ng6 41.Bd4 a5 42.a4 
axb4 43.axb5 b3 44.Nxb3 Ra3 45.Rb2 Nxh4+ 46.Rxh4 Rxh4 47.b6 cxb6 48.Bxb6 
Rh3 49.Nd2 f3+ 50.Kg1 g3 51.Bd4 f2+ 52.Bxf2 gxf2+ 53.Kxf2 Rhc3 54.e5 Rh3 
55.exd6+ Kxd6 56.Kg2 Rag3+ 57.Kf2 Kxd5 58.Rb8 Rg8 59.c7 Kc6 60.Nc4 Kxc7 
0-1

[Event "EU-chT Seniors 15th"]
[Site "Dresden"]
[Date "2013.07.26"]
[Round "7"]
[White "Nagorni, Walter"]
[Black "Sobeck, Guenter"]
[Result "0-1"]
[WhiteElo "2061"]
[BlackElo "2096"]
[EventDate "2013.07.20"]
[PlyCount "84"]

1.Nf3 Nf6 2.c4 b6 3.g3 Bb7 4.Bg2 c5 5.O-O e6 6.Nc3 Be7 7.Qc2 d6 8.Rd1 a6 
9.d4 cxd4 10.Rxd4 Qc7 11.b3 O-O 12.Ba3 Nbd7 13.Rad1 Nc5 14.Bxc5 Qxc5 15.
Na4 Qc7 16.Rc1 Rac8 17.Rdd1 b5 18.Nb2 d5 19.Nd2 dxc4 20.Bxb7 Qxb7 21.bxc4 
Rfd8 22.Qb3 e5 23.Nf3 e4 24.Nd4 g6 25.e3 b4 26.Na4 Nd7 27.a3 a5 28.axb4 
axb4 29.Nb5 Ne5 30.Rxd8+ Rxd8 31.Nd4 Nd3 32.Rb1 Rb8 33.f3 Nc5 34.Nxc5 Bxc5
35.f4 Rd8 36.Rd1 Qb6 37.Qb2 b3 38.Kf2 Ra8 39.Qxb3 Bxd4 40.Qxb6 Bxb6 41.Rd2
Ra3 42.Rc2 Bc5 0-1

[Event "EU-chT Seniors 15th"]
[Site "Dresden"]
[Date "2013.07.26"]
[Round "7"]
[White "Pfeiffer, Alfred"]
[Black "Hentzschel, Erhard"]
[Result "1-0"]
[WhiteElo "2077"]
[BlackElo "1903"]
[EventDate "2013.07.20"]
[PlyCount "69"]

1.e4 e5 2.Nf3 d6 3.d4 exd4 4.Nxd4 Be7 5.Bc4 Nf6 6.Qe2 O-O 7.O-O Nbd7 8.Nf5
Ne5 9.Bb3 Bxf5 10.exf5 Qd7 11.f4 Nc6 12.g4 d5 13.Nc3 Nd4 14.Qg2 Nxb3 15.
axb3 Bc5+ 16.Kh1 Rfe8 17.Bd2 c6 18.Rae1 Rxe1 19.Rxe1 Re8 20.h3 Rxe1+ 21.
Bxe1 Qe8 22.Bf2 Bxf2 23.Qxf2 b6 24.Kg2 c5 25.g5 Ne4 26.Qe2 Qc6 27.Nxe4 
dxe4 28.Qd1 Qe8 29.Kf2 Qe7 30.Ke3 h6 31.g6 Qh4 32.Kxe4 Qe7+ 33.Kf3 Qb7+ 
34.Kf2 fxg6 35.fxg6 1-0

[Event "EU-chT Seniors 15th"]
[Site "Dresden"]
[Date "2013.07.26"]
[Round "7"]
[White "Wuensch, Ulrich"]
[Black "Perk, Egbert"]
[Result "1-0"]
[WhiteElo "2092"]
[BlackElo "2008"]
[EventDate "2013.07.20"]
[PlyCount "92"]

1.d4 Nf6 2.Nf3 c5 3.e3 g6 4.Be2 Qc7 5.O-O Bg7 6.c4 O-O 7.Nc3 a6 8.e4 d6 9.
h3 e5 10.dxc5 dxc5 11.Be3 Nbd7 12.Qc2 h6 13.Rfd1 Re8 14.Rac1 b6 15.Qd2 Kh7
16.Nd5 Nxd5 17.Qxd5 Nf6 18.Qd3 Bb7 19.Nd2 Rad8 20.Qc2 Ng8 21.Nb1 Ne7 22.
Nc3 Qb8 23.Nd5 Bxd5 24.cxd5 Nc8 25.Bxa6 Nd6 26.Be2 Qa7 27.a4 Rf8 28.f3 f5 
29.Ra1 f4 30.Bf2 Nb7 31.Qc3 Rc8 32.b4 Rfd8 33.bxc5 Nxc5 34.Bxc5 Rxc5 35.
Qb2 Qc7 36.Bd3 Bf8 37.Kh1 Bd6 38.Rdc1 Rc8 39.Rcb1 Qa7 40.Qxb6 Qe7 41.a5 
Rc3 42.Rd1 Rb8 43.Qf2 Bc5 44.Qa2 Rbb3 45.Qe2 Ba3 46.Rab1 Rb2 1-0

[Event "EU-chT Seniors 15th"]
[Site "Dresden"]
[Date "2013.07.26"]
[Round "7"]
[White "Hammar, Bengt"]
[Black "Ost Hansen, Jacob"]
[Result "1/2-1/2"]
[WhiteElo "2279"]
[BlackElo "2386"]
[EventDate "2013.07.20"]
[PlyCount "79"]

1.e4 c5 2.Nf3 e6 3.d3 d5 4.Nbd2 Nc6 5.g3 Nf6 6.Bg2 Be7 7.O-O b6 8.Re1 Qc7 
9.c3 Bb7 10.a3 Rd8 11.e5 Nd7 12.d4 Ba6 13.b4 Bd3 14.Nf1 Be4 15.Bf4 cxd4 
16.cxd4 Bxf3 17.Bxf3 b5 18.Be2 a6 19.h4 Nb6 20.h5 h6 21.Qd3 Nc4 22.Ra2 Qb6
23.Rd1 Ra8 24.Ne3 a5 25.bxa5 Rxa5 26.Nc2 Kd7 27.Rb1 Re8 28.Qh7 Bf8 29.Bxc4
dxc4 30.d5 exd5 31.Qf5+ Ke7 32.e6 fxe6 33.Re1 Nd8 34.Qxd5 Kf7 35.Qe4 Bc5 
36.Qg6+ Kf8 37.Be3 Ra7 38.Bxc5+ Qxc5 39.Re4 Rf7 40.Ne3 1/2-1/2

[Event "EU-chT Seniors 15th"]
[Site "Dresden"]
[Date "2013.07.26"]
[Round "7"]
[White "Malmdin, Nils Ake"]
[Black "Kolbak, Jens"]
[Result "1-0"]
[WhiteElo "2242"]
[BlackElo "2280"]
[EventDate "2013.07.20"]
[PlyCount "107"]

1.e4 e5 2.Nf3 Nc6 3.Nc3 Nf6 4.a3 Be7 5.d4 d6 6.d5 Nb8 7.h3 O-O 8.Be2 c6 9.
Be3 cxd5 10.exd5 Bf5 11.Nd2 h6 12.g4 Bd7 13.h4 Nh7 14.g5 hxg5 15.hxg5 Nxg5
16.Bd3 g6 17.Qe2 Kg7 18.O-O-O Na6 19.f4 exf4 20.Bxf4 Nc5 21.Nde4 Nxd3+ 22.
Qxd3 f6 23.Nxd6 Bxd6 24.Bxd6 Re8 25.Rde1 Bf5 26.Qg3 Qd7 27.Bf4 Ne4 28.Qh4 
g5 29.Qh6+ Kf7 30.Qh7+ Bxh7 31.Rxh7+ Kg6 32.Rxd7 Nxc3 33.Bd2 Rxe1+ 34.Bxe1
Ne4 35.Rxb7 g4 36.Re7 Kf5 37.Rg7 Kf4 38.c4 Rc8 39.b3 a6 40.Kc2 f5 41.Kd3 
Kf3 42.b4 g3 43.d6 Nf2+ 44.Kd4 Re8 45.Rxg3+ Kxg3 46.Bxf2+ Kxf2 47.c5 f4 
48.d7 Rd8 49.c6 f3 50.Kc5 Kg3 51.c7 Rxd7 52.c8=Q Rg7 53.Qc6 Rg5+ 54.Kd4 
1-0

[Event "EU-chT Seniors 15th"]
[Site "Dresden"]
[Date "2013.07.26"]
[Round "7"]
[White "Rosenlund, Thorbjorn"]
[Black "Svensson, Leif"]
[Result "1/2-1/2"]
[WhiteElo "2263"]
[BlackElo "2120"]
[EventDate "2013.07.20"]
[PlyCount "113"]

1.c4 c5 2.Nf3 Nc6 3.g3 Nf6 4.Bg2 e6 5.b3 Be7 6.O-O O-O 7.Bb2 Qc7 8.Nc3 a6 
9.d4 d6 10.Rc1 cxd4 11.Nxd4 Bd7 12.Nd5 exd5 13.cxd5 Nxd5 14.Bxd5 Qb6 15.
Bg2 Rfe8 16.Qd2 Bf6 17.Rc4 a5 18.Rd1 Ne5 19.Rc2 a4 20.Bc3 axb3 21.axb3 h6 
22.h3 Rac8 23.e3 g6 24.Ba5 Rxc2 25.Bxb6 Rxd2 26.Rxd2 Rc8 27.f4 Rc1+ 28.Kh2
Nc6 29.Nxc6 Bxc6 30.Bxc6 Rxc6 31.Ba7 Bc3 32.Rd3 Bb4 33.Kg2 Rc3 34.Rxc3 
Bxc3 35.Kf3 Kf8 36.Ke4 Ke7 37.Kd5 Kd7 38.g4 f5 39.gxf5 gxf5 40.Kc4 Bd2 41.
Kd5 h5 42.Bd4 Bc1 43.e4 Bxf4 44.exf5 Ke7 45.b4 Kf7 46.b5 Bg3 47.Ke4 Bh2 
48.Bf2 Be5 49.Bh4 Bh2 50.Kd5 Bf4 51.Bd8 Be5 52.Bc7 Ke7 53.Bb8 Kd7 54.Ba7 
Ke7 55.Be3 Kf6 56.b6 Kxf5 57.Kc4 1/2-1/2

[Event "EU-chT Seniors 15th"]
[Site "Dresden"]
[Date "2013.07.26"]
[Round "7"]
[White "Sloth, Jorn"]
[Black "Wahlbom, Magnus"]
[Result "1/2-1/2"]
[WhiteElo "2342"]
[BlackElo "2284"]
[EventDate "2013.07.20"]
[PlyCount "132"]

1.Nf3 Nf6 2.c4 e6 3.g3 b6 4.Bg2 Bb7 5.d4 Bb4+ 6.Bd2 Be7 7.Nc3 O-O 8.Qc2 d5
9.cxd5 exd5 10.Bg5 Nbd7 11.O-O Re8 12.Rfd1 Ne4 13.Bxe7 Qxe7 14.e3 c6 15.
Rac1 h6 16.Ne1 Nf8 17.Nd3 Ng6 18.Ne2 h5 19.Nef4 Nxf4 20.Nxf4 h4 21.Qe2 
Rad8 22.Rc2 hxg3 23.hxg3 Rd6 24.b4 g5 25.Nd3 Ba6 26.Qg4 Bxd3 27.Rxd3 Rg6 
28.Bxe4 dxe4 29.Rdc3 Qe6 30.Qxe6 Rexe6 31.a4 Rgf6 32.b5 cxb5 33.axb5 Rf5 
34.Rb2 Re7 35.g4 Rd5 36.Rc6 Kf8 37.Kg2 Ke8 38.Rf6 Rc7 39.f3 exf3+ 40.Kxf3 
Ke7 41.Rh6 Rc3 42.Ke4 Rd6 43.Rxd6 Kxd6 44.Rf2 Ke7 45.Ra2 Rb3 46.Rxa7+ Kf6 
47.Rc7 Rxb5 48.Rc6+ Ke7 49.d5 Rb3 50.Kd4 b5 51.e4 f6 52.Kc5 b4 53.Rc7+ Kd8
54.Rb7 Rg3 55.Kd6 Kc8 56.Rxb4 Rxg4 57.Ke6 Rg1 58.d6 Rd1 59.Rc4+ Kd8 60.Ra4
Kc8 61.Ra7 Rd4 62.e5 fxe5 63.Rg7 e4 64.Rg8+ Kb7 65.Rxg5 Kc6 66.Rg3 Rxd6+ 
1/2-1/2

[Event "EU-chT Seniors 15th"]
[Site "Dresden"]
[Date "2013.07.26"]
[Round "7"]
[White "Melkeraaen, Terje"]
[Black "Thygesen, Else"]
[Result "1-0"]
[WhiteElo "1950"]
[BlackElo "2105"]
[EventDate "2013.07.20"]
[PlyCount "53"]

1.d4 Nf6 2.c4 c5 3.d5 b5 4.cxb5 a6 5.bxa6 Bxa6 6.Nc3 g6 7.f4 Bg7 8.Nf3 d6 
9.e4 Bxf1 10.Rxf1 O-O 11.Kf2 Na6 12.Kg1 Qb6 13.Qe2 Nd7 14.e5 dxe5 15.fxe5 
Nc7 16.Bg5 f6 17.Bf4 fxe5 18.Bxe5 Nxe5 19.Nxe5 Rxf1+ 20.Rxf1 Nxd5 21.Nxd5 
Qd6 22.Nxg6 hxg6 23.Nxe7+ Kh7 24.Qf3 Bd4+ 25.Kh1 Qa6 26.Qf7+ Kh6 27.Rf3 
1-0

[Event "EU-chT Seniors 15th"]
[Site "Dresden"]
[Date "2013.07.26"]
[Round "7"]
[White "Eskandary, Jahja"]
[Black "Van Duijn, Roel"]
[Result "1-0"]
[WhiteElo "2108"]
[BlackElo "2021"]
[EventDate "2013.07.20"]
[PlyCount "146"]

1.e4 e6 2.d4 d5 3.Nc3 Nf6 4.e5 Nfd7 5.f4 c5 6.Nf3 Nc6 7.Ne2 Be7 8.c3 f6 9.
exf6 Nxf6 10.g3 O-O 11.Bh3 Ne4 12.O-O Qe8 13.Be3 c4 14.Bg2 Qg6 15.b3 b5 
16.a4 Ba6 17.b4 Rfe8 18.Ne5 Nxe5 19.dxe5 bxa4 20.Rxa4 Bb5 21.Rxa7 Rxa7 22.
Bxa7 Ra8 23.Qd4 Rf8 24.Qb6 Bd7 25.Qb7 Qe8 26.Bxe4 Bc6 27.Qa6 dxe4 28.Qxc4 
Bd5 29.Qd4 Qh5 30.Rf2 Rd8 31.Bb6 Rd7 32.Qe3 Bc4 33.Nd4 Qd1+ 34.Kg2 g6 35.
h3 h5 36.Kh2 Kh7 37.Qd2 Qb1 38.Rg2 Bd5 39.Rg1 Qd3 40.Qxd3 exd3 41.Rd1 Bc4 
42.Nf3 Rb7 43.Bd4 Rb8 44.Ne1 Ra8 45.Nxd3 Ra2+ 46.Kg1 Bd5 47.Bf2 Rc2 48.Rc1
Rd2 49.Ne1 Be4 50.Ra1 Kg8 51.b5 Rb2 52.b6 Bd8 53.Ra4 Bb7 54.Rb4 Ra2 55.c4 
Be7 56.Rb1 Ra5 57.Rd1 Bc6 58.Rb1 Bd7 59.Rc1 Kf8 60.c5 Bc6 61.Nd3 Ra4 62.
Rb1 Bb7 63.c6 Bxc6 64.b7 Bxb7 65.Rxb7 Rc4 66.Ne1 Rc1 67.Kg2 Ra1 68.Rb2 g5 
69.Nd3 Ra3 70.Nc5 Kf7 71.Ne4 gxf4 72.gxf4 Kg8 73.Rd2 Bd8 1-0

[Event "EU-chT Seniors 15th"]
[Site "Dresden"]
[Date "2013.07.26"]
[Round "7"]
[White "Holscher, Peter"]
[Black "Goldberg, Valerij"]
[Result "1/2-1/2"]
[WhiteElo "2085"]
[BlackElo "2150"]
[EventDate "2013.07.20"]
[PlyCount "87"]

1.Nf3 Nf6 2.b3 g6 3.Bb2 Bg7 4.c4 b6 5.g3 Bb7 6.Bg2 O-O 7.O-O e6 8.d3 d5 9.
Nbd2 Nbd7 10.Qc2 c5 11.Ne5 Qc7 12.Nxd7 Qxd7 13.Be5 Ng4 14.Bxg7 Kxg7 15.
Qb2+ d4 16.Bxb7 Qxb7 17.b4 Qc7 18.Rab1 Rab8 19.Qa3 Nf6 20.Rb3 Nd7 21.Nf3 
e5 22.Rfb1 f6 23.Qc1 Qc6 24.Ra3 Ra8 25.Nd2 cxb4 26.Rxb4 Nc5 27.Nb3 Nxb3 
28.Raxb3 Rf7 29.Rb5 Rc8 30.f3 Re7 31.Qa3 Rd7 32.Qb4 Qd6 33.a4 Qxb4 34.
R3xb4 Rcc7 35.Kf2 Kf7 36.Ke1 Ke6 37.Kd2 h5 38.a5 bxa5 39.Rxa5 Rb7 40.Rab5 
Rxb5 41.Rxb5 Rd6 42.Ra5 a6 43.Kc2 Rb6 44.Rd5 1/2-1/2

[Event "EU-chT Seniors 15th"]
[Site "Dresden"]
[Date "2013.07.26"]
[Round "7"]
[White "Tichatschke, Wolfgang"]
[Black "Van Geffen, Ben"]
[Result "1/2-1/2"]
[WhiteElo "2012"]
[BlackElo "2096"]
[EventDate "2013.07.20"]
[PlyCount "25"]

1.e4 c5 2.Nf3 d6 3.d4 cxd4 4.Nxd4 Nf6 5.Nc3 a6 6.Be2 Nc6 7.Be3 Qc7 8.O-O 
e6 9.f4 Be7 10.Bf3 Bd7 11.Qe1 O-O 12.Qg3 e5 13.Nde2 1/2-1/2

[Event "EU-chT Seniors 15th"]
[Site "Dresden"]
[Date "2013.07.26"]
[Round "7"]
[White "Appelt, Gerd"]
[Black "Singer, Hans"]
[Result "0-1"]
[WhiteElo "2059"]
[BlackElo "2168"]
[EventDate "2013.07.20"]
[PlyCount "62"]

1.e4 c5 2.Nc3 Nc6 3.g3 g6 4.Bg2 Bg7 5.d3 e6 6.Be3 Nd4 7.Nce2 b6 8.c3 Nxe2 
9.Nxe2 Bb7 10.O-O Ne7 11.d4 d6 12.Qd2 O-O 13.Rfd1 Bc6 14.Qc2 Qc7 15.Rac1 
Rad8 16.Nf4 Bb7 17.Qe2 Rfe8 18.Rc2 e5 19.dxe5 dxe5 20.Nd5 Nxd5 21.exd5 Qd6
22.c4 Bc8 23.Bg5 f6 24.Bc1 Bd7 25.Rc3 f5 26.Bg5 Rc8 27.Qd2 a5 28.Rc2 a4 
29.Re1 Rb8 30.b3 Ra8 31.Be3 f4 0-1

[Event "EU-chT Seniors 15th"]
[Site "Dresden"]
[Date "2013.07.26"]
[Round "7"]
[White "Dueckstein, Andreas"]
[Black "Seibt, Manfred"]
[Result "1/2-1/2"]
[WhiteElo "2192"]
[BlackElo "2011"]
[EventDate "2013.07.20"]
[PlyCount "44"]

1.e4 e6 2.d4 d5 3.e5 c5 4.c3 Nc6 5.Nf3 Qb6 6.Be2 cxd4 7.cxd4 Nge7 8.Na3 
Nf5 9.Nc2 Bd7 10.O-O Rc8 11.b3 Be7 12.h3 g6 13.g4 Ng7 14.Bh6 O-O 15.Qd2 
Nb4 16.Ne3 Bb5 17.Rfc1 Bxe2 18.Qxe2 Rc6 19.Rxc6 Qxc6 20.Bg5 Bxg5 21.Nxg5 
Rc8 22.Rd1 h6 1/2-1/2

[Event "EU-chT Seniors 15th"]
[Site "Dresden"]
[Date "2013.07.26"]
[Round "7"]
[White "Muehle, Hans Bernd"]
[Black "Strobel, Ferdinand"]
[Result "0-1"]
[WhiteElo "1927"]
[BlackElo "2099"]
[EventDate "2013.07.20"]
[PlyCount "68"]

1.e4 d6 2.b3 Nf6 3.Nc3 g6 4.Bb2 Bg7 5.d4 O-O 6.Nf3 c6 7.Be2 c5 8.O-O cxd4 
9.Nxd4 Nc6 10.Nxc6 bxc6 11.Qd3 a5 12.Na4 Ba6 13.Qf3 Bb5 14.Bxb5 cxb5 15.
Nc3 Nd7 16.Rac1 Nc5 17.Nd1 Qb6 18.Bxg7 Kxg7 19.Ne3 e6 20.Ng4 f6 21.Qe3 g5 
22.Qd4 Nd7 23.Qd3 h5 24.Ne3 Ne5 25.Qe2 Kh6 26.Kh1 Ng4 27.g3 Qd4 28.Ng2 d5 
29.f3 b4 30.Rfd1 Qe5 31.Ne3 dxe4 32.fxe4 Qxe4+ 33.Kg1 Ne5 34.Rf1 Rae8 0-1

[Event "EU-chT Seniors 15th"]
[Site "Dresden"]
[Date "2013.07.26"]
[Round "7"]
[White "Titz, Heimo"]
[Black "Eichner, Christian"]
[Result "1-0"]
[WhiteElo "2204"]
[BlackElo "2086"]
[EventDate "2013.07.20"]
[PlyCount "81"]

1.c4 e5 2.g3 Nf6 3.Bg2 d5 4.cxd5 Nxd5 5.Nc3 Be6 6.d3 Nc6 7.Nf3 Be7 8.O-O 
Nb6 9.Be3 O-O 10.Na4 Nxa4 11.Qxa4 Qd7 12.Rfc1 Rac8 13.Bc5 Bxc5 14.Rxc5 f6 
15.Rac1 Rfd8 16.b4 a6 17.a3 Qf7 18.Qc2 Bb3 19.Qb2 Ba4 20.h4 Kf8 21.Kf1 Rd5
22.Ng5 Rxc5 23.Nxf7 Rxc1+ 24.Qxc1 Kxf7 25.Bd5+ Ke8 26.Be4 h6 27.Qc5 Rd8 
28.Bg6+ Kd7 29.Bf5+ Ke8 30.h5 Rd6 31.Bg6+ Kd7 32.Qc4 Nd4 33.Qf7+ Kc8 34.
Qxg7 Kb8 35.Qxh6 Bd1 36.e3 Nf3 37.Be4 Ng5 38.Qf8+ Ka7 39.h6 Nxe4 40.dxe4 
Bf3 41.Qxd6 1-0

[Event "EU-chT Seniors 15th"]
[Site "Dresden"]
[Date "2013.07.26"]
[Round "7"]
[White "Roos, Hans Goerg"]
[Black "Barz, Hans Werner"]
[Result "0-1"]
[WhiteElo "2022"]
[BlackElo "1974"]
[EventDate "2013.07.20"]
[PlyCount "66"]

1.Nf3 Nf6 2.g3 g6 3.Bg2 Bg7 4.d3 O-O 5.e4 d6 6.O-O e5 7.Nbd2 c6 8.a4 Ne8 
9.c3 Na6 10.d4 Be6 11.h4 h6 12.Qe2 Bg4 13.Qe3 f6 14.Re1 Rc8 15.Bf1 c5 16.
Bc4+ Kh7 17.Bxa6 bxa6 18.d5 f5 19.exf5 gxf5 20.Nh2 Bh5 21.Ndf1 Rf7 22.f4 
e4 23.Qd2 Nf6 24.Ne3 Qd7 25.Nhf1 Rg8 26.Ra2 Bf8 27.b3 Bf3 28.Qh2 Rfg7 29.
Qh3 Ng4 30.c4 Nxe3 31.Rxe3 Rg4 32.Bb2 Be7 33.Bc3 Rxh4 0-1